| 000 | 00734nam a2200241 a 4500 | ||
|---|---|---|---|
| 003 | MX-MxUPN | ||
| 005 | 20240910063859.0 | ||
| 008 | 101104s2008 sp a r 000 1 spa d | ||
| 020 | _a9789707774797 | ||
| 035 | _aUPN01000178400 | ||
| 040 |
_aMX-MxUPN _bspa _cMX-MxUPN |
||
| 041 | 1 |
_aspa _heng |
|
| 050 | 1 | 4 |
_aPZ7 _bK566 2008 |
| 100 | 1 |
_aKinney, Jeff, _d1971- _931879 |
|
| 245 | 1 | 0 |
_aDiario de Greg : _bun renacuajo |
| 260 |
_aBarcelona : _bOcéano : _bMolino, _c2008. |
||
| 300 |
_a217 páginas : _bilustraciones |
||
| 500 | _a"Una novela bastante ilustrada" | ||
| 500 | _aTraducción de: Diary of a Wimpy kid | ||
| 650 | 4 |
_aLiteratura juvenil estadounidense _912776 |
|
| 650 | 4 |
_aDiarios y niños _912416 |
|
| 942 |
_2lcc _cLIBRO |
||
| 999 |
_c150503 _d150503 |
||